| 000 | 00776nam a22002657a 4500 | ||
|---|---|---|---|
| 001 | BR7500868 | ||
| 003 | BR-BrBNA | ||
| 005 | 20230928084730.0 | ||
| 007 | ta | ||
| 008 | 230509b bl.||||| |||| 00| 0 por d | ||
| 040 |
_aBR-BrBNA _bpor _cBiblioteca Nacional de Agricultura |
||
| 041 | _a(Por) | ||
| 072 |
_aF30 _b0230 _b/G514 |
||
| 090 | _ 0230 BR7500868 | ||
| 100 | 1 | _aUrata, R. | |
| 245 | 1 | _aObservacoes sobre as zonas conavieiras no Sul do Brasil: Cruzamentos de canas [Saccharum spp] | |
| 260 | 3 |
_aSao Paulo, SP (Brasil): _bTecnica Agro-industrial, _c1975. |
|
| 300 | _a9 p. | ||
| 650 | _aCANA DE ACUCAR | ||
| 650 | _aCRUZAMENTO VEGETAL | ||
| 650 | _aSELECAO GENETICA | ||
| 650 | _aVARIEDADE RESISTENTE | ||
| 909 |
_a202309 _bLucia _c55 _dLucia Elande |
||
| 942 | _cBK | ||
| 999 |
_c20765 _d20765 |
||